000 003190000a22001450004500
003 MACL
040 _aMACL
090 _c31799
_d31797
100 _aCadenhead, Rogers
245 _aJava 2
_bin 24 Hours
260 _bSama Techmedia
_c2001
350 _a180
650 _aComputer probraming
942 _cBOOK
_k005.133/Cad
999 _c31479
_d31479